000 00635nam a22002057i 4500
003 DO-SdBNP
005 20240405135513.0
007 ta
008 240405b |||||||| |||| 00| 0 eng d
040 _aDO-SdBNP
_bspa
_cBNPHU
_erda
082 _bN964t
100 _aSubero Issa, Jorge A.
_919759
_eautor
245 1 0 _aLa Nueva terminología procesal penal dominicana /
_cJorge A. Subero Isa.
264 _aSanto Domingo :
_bEditora Corripio,
_c2006.
300 _axxxi, 504 páginas ;
_c24 cm.
336 _2rdacontent
_atexto
_btxt
337 _2rdamedia
_asin mediación
_bn
338 _2rdacarrier
_avolumen
_bnc
942 _2ddc
_cLBS1
999 _c56271
_d56271